| 000 | 01750nam0a2200337 4500 | ||
|---|---|---|---|
| 001 | RU\NLR\bibl\526951 | ||
| 005 | 20260405060357.0 | ||
| 010 | _a5-8291-0233-1 | ||
| 010 |
_a5-98426-001-8 _93000 |
||
| 035 | _a(NLR Aleph) 000519308 | ||
| 090 |
_a1282989 _c1282989 |
||
| 100 | _a20040603d2003 |||y0rusy50 ca | ||
| 101 | 0 | _arus | |
| 102 | _aRU | ||
| 105 | _ay ||||||||| | ||
| 200 | 1 |
_aИстория социальной (культурной) антропологии _eУчеб. пособие для вузов _fГ.П. Отюцкий _gМоск. гос. социал. ун-т, [Федер. целевая прогр. "Культура России" (Подпрограмма "Поддержка полиграфии и книгоиздания России")] |
|
| 210 |
_aМ. _cАкад. проект _cГаудеамус _d2003 |
||
| 215 |
_a398,[1] с. _d21 |
||
| 225 | 1 | _aGaudeamus | |
| 225 | 1 | _aУчебное пособие для вузов | |
| 320 | _aБиблиогр.: с. 387-395 (143 назв.), в конце гл. и в подстроч. прим. | ||
| 606 | 0 |
_aАнтропология социальная _jРуководства, пособия и т.п. для высшей школы _xИстория _92294631 _3RU\NLR\auth\661374069 |
|
| 606 | 0 |
_aАнтропология социальная _jУчебные издания для высших учебных заведений _xИстория _92294631 _3RU\NLR\auth\661374069 |
|
| 686 | _aС550.01я73 | ||
| 686 | _aС550.67я73 | ||
| 700 | 1 |
_4070 _7ca _8rus _aОтюцкий _bГ. П. _gГеннадий Павлович _92776 _3RU\NLR\auth\7719705 |
|
| 801 | 0 |
_aRU _bNLR _c20040603 _gPSBO |
|
| 801 | 1 |
_aRU _bNLR _c20040603 |
|
| 942 | _cBOOK | ||
| 980 | _aNB | ||